000 00633cam a2200181 i 4500
005 20251108164030.0
008 250721s2000 ua gr 000 0 ara d
020 _a9772154498
082 1 4 _a153.8
_bخ ل ي
100 1 _aخليفه، عبد اللطيف
_eمؤلف.
245 1 2 _aالدافعية للإنجاز /
_cدكتور عبد اللطيف محمد خليفة.
264 1 _aالقاهرة :
_bدار غريب للطباعة والنشروالتوزيع،
_c2000.
300 _a286 صفحة.
650 1 7 _aعلم النفس.
650 1 7 _aالعوامل النفسية.
942 _2ddc
_cBK
999 _c1911
_d1911